000 01057nam a22003017a 4500
001 4881
003 FISKH
005 20241022144419.0
008 241022b cb ||||| |||| 00| 0 eng d
020 _a9781406341546
040 _aFISKH
_beng
_cFISKH
_dFISKH
050 _aPZ7.C82963
082 _a823.92
100 _aBoyce, Frank Cottrell
245 _aThe Unforgotten Coat /
_cby Frank Cottrell Boyce
260 _aLondon :
_bWalker Books ;
_c2011 .
300 _a102 pages :
_billustrations ;
_c24 cm .
505 _aR
520 _aWhen two Mongolian brothers inexplicably appear one morning in her sixth grade class, Julie, who lives in a town near Liverpool named Bootle, becomes their new friend and "Good Guide," navigating them through soccer, school uniforms, and British slang.
521 8 _a710
521 8 _a710
_bLexile
521 8 _aR
_bRaz-Plus
650 _aimmigration
_vfiction
700 _aHunter, Carl
_ephotographer
700 _aHeneym Clare
_ephotographer
942 _2ddc
_cBK
_n0
999 _c4881
_d4881